000
00221 a2200097 4500
001
36623
100
_a
245
_a
The award compact dictionary
260
_a
Hungry
_b
Award publication London
_c
090
_c
23673
_d
23673
942
_a
NUST-CAE
_c
M
_c
15195
999
_c
271696
_d
271696